| 000 | 01440nam a2200241Ia 4500 | ||
|---|---|---|---|
| 003 | Ost | ||
| 005 | 20260416102350.0 | ||
| 008 | 260416s9999||||xx |||||||||||||| ||und|| | ||
| 040 | _cfsecg | ||
| 041 | _aara | ||
| 082 | _a1 | ||
| 100 |
_aعيدودي، فاطمة الزهراء _eمؤلف |
||
| 245 | 0 |
_aإقتصاد المعرفة / _c فاطمة الزهراء عيدودي |
|
| 260 |
_aالجزائر _bجامعة الجزائر3: كلية العلوم الإقتصادية، العلوم التجارية وعلوم التسيير _c2015 |
||
| 300 |
_a91 ورقة _bايضاحات _c30 سم |
||
| 504 | _aمراجع ص.92 | ||
| 520 | _aمفهوم اقتصاد المعرفة، مفهوم المعرفة، مجتمع المعرفة، انتاج المعرفة، ادارة المعرفة، تكنولوجيا المعلومات والاتصال، اهمية رأس المال البشري في اقتصاد المعرفة، راس المال الفكري وعلاقته بالنمو الاقتصادي، اهمية اقتصاد المعرفة في خلق الميزة التنافسية، نماذج من اقتصاديات المعرفة | ||
| 653 | _aالمعرفة | ||
| 653 | _aالنمو الاقتصادي | ||
| 653 | _aرأس المال | ||
| 710 |
_aجامعة الجزائر3: كلية العلوم الإقتصادية، العلوم التجارية وعلوم التسيير _eناشر علمي |
||
| 942 | _cHANDOUT | ||
| 999 |
_c40975 _d40975 |
||